Every 100k+ City in South Asia on a Map [2025] (by urban area) - Statistics

General Stats
  • This quiz has been taken 44 times
    29 since last reset
  • The average score is 100 of 922
Answers on the Map
Answers color-coded by a green-red scale on the quiz's map according to % correct below.
 
Answer Stats
Country Region (if applicable) Population City % Correct
Pakistan Sindh 21,086,432 Karāchi
94%
Bangladesh Dhaka 19,415,975 Dhaka
88%
India Tamil Nādu 12,579,542 Chennai
82%
Sri Lanka 3,836,900 Colombo
82%
India Delhi 35,373,074 Delhi
82%
India Telangana 11,011,599 Hyderābād
82%
Pakistan Sindh 2,358,269 Hyderābād
82%
Afghanistan 5,763,851 Kābul
82%
India Mahārāshtra 23,856,308 Mumbai
82%
India Karnātaka 15,874,914 Bengaluru
76%
India West Bengal 16,074,138 Kolkata
76%
Pakistan Punjāb 15,105,691 Lāhore
76%
Pakistan Punjāb 5,000,171 Rāwalpindi - Islāmābād
76%
India Gujarāt 9,416,377 Ahmadābād
71%
India Jammu & Kashmīr 444,301 Anantnāg
71%
Bangladesh Chittagong 4,855,035 Chittagong
71%
India Rājasthān 4,556,015 Jaipur
71%
Nepal 3,216,810 Kathmandu
71%
Maldives 170,362 Maale'
71%
Pakistan Khyber Pakhtūnkhwā 1,962,617 Peshāwar
71%
Pakistan Punjāb 4,661,943 Faisalābād
65%
India Uttar Pradesh 3,709,314 Kānpur
65%
India Uttar Pradesh 4,864,087 Lucknow
65%
India Mahārāshtra 3,388,653 Nāgpur
65%
India Mahārāshtra 7,616,980 Pune
65%
Pakistan Balochistān 1,530,835 Quetta
65%
India Gujarāt 8,468,515 Sūrat
65%
India Madhya Pradesh 2,754,720 Bhopāl
59%
India Madhya Pradesh 3,877,984 Indore
59%
India Bihār 3,083,831 Patna
59%
Bhutan 146,522 Thimphu
59%
India Uttar Pradesh 2,797,655 Āgra
53%
India Uttar Pradesh 2,023,287 Allahābād
53%
India Karnātaka 1,057,785 Mangalore
53%
Pakistan Punjāb 2,620,864 Multān
53%
India Chhattīsgarh 2,056,389 Raipur
53%
India Jammu & Kashmīr 1,688,464 Srīnagar
53%
India Punjab 1,496,639 Amritsar
47%
India West Bengal 205,608 Dārjiling
47%
Afghanistan 909,944 Herāt
47%
India Rājasthān 1,678,214 Jodhpur
47%
Afghanistan 718,688 Kandahār
47%
India Uttar Pradesh 3,061,049 Vārānasi
47%
Pakistan Punjāb 100,778 Allahabad
41%
India Rājasthān 379,674 Bharatpur
41%
Nepal 297,447 Bharatpur
41%
India Chandīgarh 2,553,511 Chandīgarh
41%
India Tamil Nādu 3,275,153 Coimbatore
41%
India Assam 1,408,543 Guwāhāti
41%
India Manipur 1,002,193 Imphāl
41%
India Arunāchal Pradesh 117,786 Itānagar
41%
India Jammu & Kashmīr 977,958 Jammu
41%
Sri Lanka 342,846 Kandy
41%
India Kerala 1,309,559 Kochi
41%
India Kerala 761,530 Kozhikode
41%
India Tamil Nādu 2,100,514 Madurai
41%
Nepal 626,150 Pokhara
41%
India Andaman & Nicobar Islands 153,171 Port Blair
41%
India Puducherry 1,099,696 Puducherry
41%
India West Bengal 961,359 Shiliguri
41%
India Andhra Pradesh 2,206,380 Visākhapatnam
41%
Pakistan Khyber Pakhtūnkhwā 445,174 Abbottābad
35%
India Tripura 722,135 Agartala
35%
India Mahārāshtra 1,791,608 Aurangābād
35%
India Bihār 284,517 Aurangābād
35%
India Rājasthān 895,713 Bīkāner
35%
India Uttarākhand 1,146,087 Dehra Dūn
35%
India Sikkim 175,598 Gangtok
35%
Pakistan Gilgit-Baltistan 108,710 Gilgit
35%
Pakistan Punjāb 3,057,283 Gujrānwāla
35%
Sri Lanka 149,838 Jaffna
35%
Bangladesh Khulna 1,160,475 Khulna
35%
India Karnātaka 1,391,233 Mysore
35%
India Gujarāt 1,930,140 Rājkot
35%
India Jhārkhand 1,804,556 Rānchi
35%
Bangladesh Rangpur 435,457 Rangpur
35%
Pakistan Punjāb 649,246 Sāhīwal
35%
India Megalaya 555,808 Shillong
35%
India Himāchal Pradesh 222,360 Shimla
35%
India Uttar Pradesh 348,215 Sītāpur
35%
Bangladesh Sylhet 601,502 Sylhet
35%
India Kerala 788,456 Thiruvananthapuram
35%
India Mizoram 407,268 Āīzawl
29%
Pakistan Punjāb 918,791 Bahāwalpur
29%
India Odisha 1,328,274 Bhubaneswar
29%
Nepal 284,599 Birgunj
29%
Bangladesh Chittagong 273,736 Cox's Bazar
29%
Pakistan Punjāb 547,022 Dera Ghāzi Khān
29%
Pakistan Khyber Pakhtūnkhwā 263,302 Dera Ismāil Khān
29%
Pakistan Punjāb 751,264 Gujrāt
29%
India Madhya Pradesh 1,560,361 Gwalior
29%
Pakistan Balochistān 170,312 Hub
29%
Pakistan Punjāb 644,852 Jhang
29%
Pakistan Punjāb 609,264 Kasūr
29%
India Rājasthān 1,486,654 Kotā
29%
Pakistan Sindh 598,077 Lārkāna
29%
India Punjab 2,282,619 Ludhiāna
29%
Afghanistan 652,069 Mazār-e Sharīf
29%
Pakistan Khyber Pakhtūnkhwā 371,605 Mingora
29%
Pakistan Azad Jammu and Kashmir 131,637 Mīrpur
29%
Pakistan Azad Jammu and Kashmir 211,712 Muzaffarābād
29%
India Mahārāshtra 791,669 Nānded
29%
Pakistan Punjāb 649,236 Okāra
29%
India Odisha 313,400 Puri
29%
Pakistan Punjāb 607,333 Rahīmyār Khān
29%
Pakistan Punjāb 1,102,446 Sargodha
29%
Pakistan Punjāb 637,034 Sheikhūpura
29%
Pakistan Punjāb 1,406,011 Siālkot
29%
Pakistan Sindh 730,907 Sukkur
29%
India Rājasthān 733,000 Udaipur
29%
India Gujarāt 2,494,009 Vadodara
29%
Pakistan Punjāb 257,383 Bahāwalnagar
24%
India Rājasthān 103,613 Bāri
24%
Bangladesh Barishal 463,559 Barishal
24%
India Chhattīsgarh 1,375,339 Bhilai
24%
Nepal 220,781 Butwal
24%
Pakistan Punjāb 379,962 Chinīot
24%
India Bihār 622,469 Darbhanga
24%
India Madhya Pradesh 125,614 Dhār
24%
India Uttar Pradesh 951,151 Fīrozābād
24%
India Punjab 224,607 Fīrozpur
24%
Sri Lanka 174,356 Galle
24%
India Rājasthān 320,841 Gangānagar
24%
India Uttar Pradesh 1,253,307 Gorakhpur
24%
India Andhra Pradesh 980,784 Guntūr
24%
Nepal 211,759 Hetauda
24%
India Karnātaka 1,103,491 Hubli
24%
India Madhya Pradesh 1,662,210 Jabalpur
24%
Pakistan Sindh 250,060 Jacobābād
24%
Afghanistan 404,073 Jalālābād
24%
India Punjab 1,253,464 Jalandhar
24%
India Jhārkhand 1,908,312 Jamshedpur
24%
Nepal 208,908 Janakpur
24%
Pakistan Punjāb 476,002 Jhelum
24%
India Andhra Pradesh 561,444 Kākināda
24%
India Nagaland 140,803 Kohīma
24%
India Kerala 407,146 Kollam
24%
Afghanistan 245,297 Kunduz
24%
India Uttar Pradesh 2,166,221 Meerut
24%
India Goa 118,186 Mormugao
24%
India Uttar Pradesh 923,752 Muzaffarnagar
24%
India Bihār 1,066,734 Muzaffarpur
24%
India Mahārāshtra 2,302,285 Nāshik
24%
Pakistan Sindh 371,081 Nawābshāh
24%
India Andhra Pradesh 825,832 Nellore
24%
Nepal 140,457 Nepalganj
24%
India Goa 219,182 Panaji
24%
India Punjab 735,024 Patiāla
24%
Bangladesh Rajshahi 994,440 Rajshahi
24%
India Tamil Nādu 1,417,360 Salem
24%
India Tamil Nādu 468,701 Thanjāvūr
24%
India Tamil Nādu 1,395,996 Tiruchirāppalli
24%
India Tamil Nādu 478,834 Tirunelveli
24%
India Andhra Pradesh 713,025 Tirupati
24%
Pakistan Balochistān 259,761 Turbat
24%
India Andhra Pradesh 1,930,500 Vijayawāda
24%
India Telangana 1,011,510 Warangal
24%
India Mahārāshtra 578,704 Akola
18%
India Uttar Pradesh 1,591,093 Alīgarh
18%
India Mahārāshtra 815,325 Amrāvati
18%
India Gujarāt 567,471 Ānand
18%
India Andhra Pradesh 514,831 Anantapur
18%
India West Bengal 2,399,563 Āsansol
18%
India Uttar Pradesh 1,587,924 Bareilly
18%
India Rājasthān 183,277 Bārmer
18%
India Punjab 443,840 Bathinda
18%
India Karnātaka 837,429 Belgaum
18%
India Karnātaka 618,153 Bellary
18%
India Gujarāt 778,677 Bhāvnagar
18%
Nepal 129,207 Bhimdatta
18%
India Gujarāt 253,868 Bhuj
18%
India Karnātaka 471,363 Bijāpur
18%
Bangladesh Rajshahi 453,864 Bogura
18%
India Odisha 545,059 Brahmapur
18%
Bangladesh Chittagong 596,962 Cumilla
18%
India Odisha 901,660 Cuttack
18%
India Karnātaka 567,243 Dāvanagere
18%
India Jhārkhand 1,835,368 Dhanbād
18%
India Nagaland 300,867 Dimāpur
18%
Pakistan Punjāb 107,416 Dīna
18%
India Uttar Pradesh 625,960 Faizābād
18%
Bangladesh Chittagong 261,426 Feni
18%
India Bihār 797,779 Gayā
18%
India Punjab 137,640 Gurdāspur
18%
India Uttarākhand 426,966 Haldwāni
18%
India Uttar Pradesh 355,635 Hāpur
18%
India Uttarākhand 739,642 Hardwār
18%
India Mahārāshtra 706,649 Jālgaon
18%
India Gujarāt 696,802 Jāmnagar
18%
India West Bengal 321,123 Jaynagar Mazilpur
18%
Bangladesh Khulna 265,137 Jessore
18%
India Assam 248,892 Jorhāt
18%
India Gujarāt 414,414 Jūnāgadh
18%
India Haryāna 241,154 Kaithal
18%
India Karnātaka 775,182 Kalaburagi
18%
India Kerala 1,003,652 Kannur
18%
India Telangana 421,119 Karīmnagar
18%
India Haryāna 501,865 Karnāl
18%
India Telangana 378,624 Khammam
18%
Pakistan Punjāb 281,253 Khānpur
18%
Pakistan Balochistān 190,949 Khuzdār
18%
Pakistan Sindh 173,583 Kotri
18%
India Andhra Pradesh 660,681 Kurnool
18%
India Uttar Pradesh 213,816 Lalitpur
18%
Afghanistan 130,278 Lashkargāh
18%
India Mahārāshtra 537,105 Lātūr
18%
Pakistan Punjāb 173,289 Layyah
18%
Pakistan Khyber Pakhtūnkhwā 140,648 Mānsehra
18%
Pakistan Khyber Pakhtūnkhwā 371,448 Mardān
18%
Sri Lanka 173,513 Matara
18%
Pakistan Sindh 293,532 Mīrpur Khās
18%
India Punjab 217,715 Moga
18%
India Uttar Pradesh 1,567,630 Morādābād
18%
India Gujarāt 348,392 Morvi
18%
Bangladesh Mymensingh 566,545 Mymensingh
18%
Pakistan Punjāb 183,559 Nārowāl
18%
India Haryāna 713,194 Pānīpat
18%
India Punjab 235,514 Pathānkot
18%
India Gujarāt 256,835 Porbandar
18%
Afghanistan 168,025 Pul-e Khumrī
18%
India Andhra Pradesh 600,160 Rājahmundry
18%
India Uttar Pradesh 518,552 Rāmpur
18%
India Madhya Pradesh 359,765 Rewa
18%
India Haryāna 564,221 Rohtak
18%
India Uttarākhand 345,327 Rudrapur
18%
Pakistan Punjāb 338,229 Sādiqābād
18%
India Madhya Pradesh 545,750 Sāgar
18%
India Uttar Pradesh 1,344,398 Sahāranpur
18%
India Uttar Pradesh 530,908 Shāhjahānpur
18%
India Rājasthān 363,027 Sīkar
18%
India Assam 447,017 Silchar
18%
India Mahārāshtra 1,130,537 Solāpur
18%
India Haryāna 423,951 Sonīpat
18%
Bangladesh Dhaka 227,306 Tangail
18%
India Tamil Nādu 618,047 Thoothukkudi
18%
India Kerala 315,957 Thrissur
18%
India Tamil Nādu 1,733,255 Tiruppūr
18%
India Tamil Nādu 255,278 Tiruvannāmalai
18%
Pakistan Sindh 148,187 Umerkot
18%
Pakistan Punjāb 242,108 Vehāri
18%
India Tamil Nādu 931,267 Vellore
18%
Pakistan Punjāb 161,803 Wazīrābād
18%
India Punjab 171,424 Abohar
12%
India Mahārāshtra 489,647 Ahmadnagar
12%
India Rājasthān 674,333 Ajmer
12%
India Kerala 343,254 Alappuzha
12%
India Haryāna 498,304 Ambāla
12%
Pakistan Punjāb 231,887 Attock
12%
Pakistan Sindh 118,302 Badīn
12%
India West Bengal 998,831 Baharampur
12%
India Uttar Pradesh 280,949 Ballia
12%
India Rājasthān 150,241 Bālotra
12%
India West Bengal 342,080 Bardhamān
12%
India Punjab 177,929 Barnāla
12%
India Punjab 241,374 Batāla
12%
Sri Lanka 151,247 Batticaloa
12%
India Madhya Pradesh 337,889 Bhind
12%
India Haryāna 276,583 Bhiwāni
12%
India Chhattīsgarh 811,794 Bilāspur
12%
Nepal 179,199 Birendranagar
12%
India Jhārkhand 804,398 Bokāro Steel City
12%
Pakistan Punjāb 407,771 Būrewāla
12%
Pakistan Balochistān 132,536 Chaman
12%
Bangladesh Chittagong 211,821 Chandpur
12%
India Uttar Pradesh 136,717 Chāndpur
12%
Afghanistan 111,063 Chārīkār
12%
India Madhya Pradesh 248,709 Chhatarpur
12%
Pakistan Punjāb 138,965 Chīchāwatni
12%
Pakistan Sindh 212,159 Dādu
12%
India Mahārāshtra 538,912 Dhule
12%
Bangladesh Rangpur 225,264 Dinajpur
12%
India Tamil Nādu 497,080 Dindigul
12%
India Tamil Nādu 1,001,586 Erode
12%
Pakistan Punjāb 375,123 Hāfizābād
12%
India Rājasthān 184,991 Hanumāngarh
12%
Pakistan Punjāb 165,021 Hārūnābād
12%
India Karnātaka 267,153 Hassan
12%
India Tamil Nādu 454,450 Hosūr
12%
India Mahārāshtra 398,471 Jālna
12%
India Uttar Pradesh 353,007 Jaunpur
12%
India Uttar Pradesh 710,761 Jhānsi
12%
India Haryāna 265,978 Jīnd
12%
Pakistan Punjāb 308,033 Kāmoke
12%
India Tamil Nādu 345,706 Kānchipuram
12%
India Uttar Pradesh 164,605 Kannauj
12%
Pakistan Sindh 214,941 Khaīrpur
12%
Pakistan Punjāb 295,387 Khānewāl
12%
India Chhattīsgarh 420,011 Korba
12%
India West Bengal 482,265 Krishnanagar
12%
Nepal 106,325 Lahan
12%
India Uttar Pradesh 348,485 Lakhīmpur
12%
Pakistan Punjāb 170,075 Lodhrān
12%
India Andhra Pradesh 186,860 Machilīpatnam
12%
India Kerala 239,492 Malappuram
12%
India Mahārāshtra 771,127 Mālegaon
12%
Pakistan Punjāb 272,072 Mandi Bahāuddīn
12%
Afghanistan 115,896 Meymaneh
12%
Pakistan Punjāb 133,252 Miānwāli
12%
Pakistan Sindh 167,732 Moro
12%
Pakistan Punjāb 283,439 Muzaffargarh
12%
India Assam 192,726 Nagaon
12%
India Tamil Nādu 476,631 Nāgercoil
12%
Pakistan Punjāb 117,067 Nankāna Sāhib
12%
India Uttar Pradesh 295,132 Nawābganj
12%
India Telangana 402,871 Nizāmābād
12%
India Andhra Pradesh 292,496 Ongole
12%
Pakistan Punjāb 272,836 Pākpattan
12%
India Gujarāt 212,472 Pālanpur
12%
India Haryāna 235,911 Palwal
12%
Pakistan Balochistān 191,065 Panjgur
12%
India Tamil Nādu 190,621 Pudukkottai
12%
India Bihār 534,086 Pūrnia
12%
India Karnātaka 302,651 Rāichūr
12%
Pakistan Punjāb 139,116 Rājanpur
12%
India Odisha 743,939 Raurkela
12%
India Haryāna 231,258 Rewāri
12%
India Uttarākhand 490,046 Roorkee
12%
India Bihār 225,236 Samastīpur
12%
India Punjab 126,043 Sangrūr
12%
India Mahārāshtra 302,053 Sātāra
12%
India Madhya Pradesh 456,314 Satna
12%
Bangladesh Dhaka 416,273 Savar
12%
Afghanistan 130,342 Sheberghān
12%
India Haryāna 268,927 Sirsa
12%
India Bihār 310,668 Sītāmarhi
12%
Afghanistan 146,023 Tāluqān
12%
Pakistan Sindh 179,881 Tando Allāhyār
12%
India Assam 221,459 Tinsukia
12%
Pakistan Punjāb 159,013 Toba Tek Singh
12%
India Karnātaka 429,228 Tumkūr
12%
India Madhya Pradesh 652,769 Ujjain
12%
India Haryāna 635,792 Yamunānagar
12%
India Telangana 172,347 Ādilābād
6%
Pakistan Punjāb 147,087 Alīpur
6%
India Rājasthān 568,687 Alwar
6%
India Haryāna 271,492 Ambāla Sadar
6%
India Chhattīsgarh 206,382 Ambikāpur
6%
India Gujarāt 167,580 Amreli
6%
India Uttar Pradesh 157,388 Āzamgarh
6%
India Uttar Pradesh 345,724 Bahraich
6%
India Uttar Pradesh 251,940 Basti
6%
India Bihār 353,743 Bettiah
6%
India Madhya Pradesh 139,190 Betūl
6%
India Bihār 446,354 Bhāgalpur
6%
Pakistan Punjāb 138,617 Bhakkar
6%
Pakistan Punjāb 137,867 Bhalwāl
6%
India Gujarāt 369,812 Bharūch
6%
India Rājasthān 493,595 Bhīlwāra
6%
India Rājasthān 332,367 Bhiwadi
6%
India Mahārāshtra 278,722 Bhusāwal
6%
India Mahārāshtra 330,800 Bīd
6%
India Karnātaka 309,919 Bīdar
6%
India Uttar Pradesh 208,637 Bijnor
6%
Bangladesh Chittagong 334,858 Brahmanbaria
6%
India Madhya Pradesh 289,566 Burhānpur
6%
India Bihār 218,498 Buxar
6%
Pakistan Punjāb 241,751 Chakwāl
6%
India Uttar Pradesh 208,821 Chandausi
6%
India Mahārāshtra 402,626 Chandrapur
6%
India Bihār 390,441 Chāpra
6%
Pakistan Khyber Pakhtūnkhwā 157,414 Chārsadda
6%
India Madhya Pradesh 285,356 Chhindwāra
6%
India Rājasthān 143,436 Chūru
6%
India Tamil Nādu 288,075 Cuddalore
6%
India Madhya Pradesh 238,796 Damoh
6%
Pakistan Punjāb 249,734 Daska
6%
India Jhārkhand 405,471 Deoghar
6%
Pakistan Balochistān 105,526 Dera Allāh Yār
6%
Pakistan Balochistān 110,752 Dera Murād Jamāli
6%
India Madhya Pradesh 399,550 Dewās
6%
Nepal 222,604 Dhangadhi
6%
India Assam 234,327 Dibrugarh
6%
Pakistan Punjāb 106,870 Dijkot
6%
Pakistan Punjāb 105,150 Dinga
6%
Pakistan Punjāb 151,331 Dīpālpur
6%
India West Bengal 561,367 Durgāpur
6%
India Andhra Pradesh 358,077 Elūru
6%
India Uttar Pradesh 248,180 Etah
6%
India Uttar Pradesh 450,489 Etāwah
6%
India Punjab 126,341 Farīdkot
6%
Bangladesh Dhaka 170,330 Faridpur
6%
India Uttar Pradesh 116,740 Farīdpur
6%
India Uttar Pradesh 466,557 Farrukhābād
6%
Pakistan Punjāb 120,963 Fārūqābād
6%
India Haryāna 105,246 Fatehābād
6%
India Punjab 107,195 Fāzilka
6%
India Gujarāt 485,250 Gāndhīdhām
6%
India Rājasthān 201,261 Gangāpur
6%
India Uttar Pradesh 261,051 Ghāzīpur
6%
India Uttar Pradesh 277,370 Gonda
6%
India Uttar Pradesh 202,060 Greater Noida
6%
Afghanistan 146,073 Grishk
6%
Pakistan Punjāb 120,368 Gūjar Khān
6%
Pakistan Punjāb 164,229 Gujrānwāla Cantonment
6%
India Jhārkhand 105,363 Gumla
6%
India Madhya Pradesh 264,615 Guna
6%
India West Bengal 366,510 Hābra
6%
India Haryāna 126,157 Hānsi
6%
India Uttar Pradesh 437,431 Hardoī
6%
India Uttar Pradesh 343,803 Hāthras
6%
Pakistan Punjāb 146,415 Haveli Lakha
6%
India Jhārkhand 241,293 Hazārībāg
6%
India Gujarāt 172,203 Himatnagar
6%
India Mahārāshtra 138,418 Hinganghāt
6%
India Haryāna 468,256 Hisār
6%
India Punjab 249,359 Hoshiārpur
6%
India Karnātaka 281,913 Hospet
6%
Pakistan Punjāb 103,376 Hujra Shāh Muqeem
6%
India West Bengal 314,255 Ingrāj Bāzār
6%
Pakistan Punjāb 161,784 Jalālpur Jattān
6%
India West Bengal 469,286 Jalpāiguri
6%
Pakistan Punjāb 185,595 Jāmpur
6%
Pakistan Punjāb 212,823 Jarānwāla
6%
Pakistan Punjāb 171,104 Jatoi
6%
Pakistan Punjāb 121,568 Jauharābād
6%
Pakistan Khyber Pakhtūnkhwā 137,797 Kabal
6%
India Andhra Pradesh 438,849 Kadapa
6%
India Gujarāt 138,697 Kadi
6%
India Mahārāshtra 2,213,824 Kalyan - Dombivli - Ulhasnagar
6%
Pakistan Punjāb 182,114 Kamālia
6%
Pakistan Sindh 128,441 Kambar Ali Khān
6%
India Kerala 179,301 Kanhangad
6%
India Punjab 137,006 Kapūrthala
6%
India Tamil Nādu 376,695 Karūr
6%
India Uttarākhand 177,165 Kāshīpur
6%
India Bihār 378,413 Katihār
6%
India Madhya Pradesh 315,224 Khandwa
6%
India West Bengal 528,481 Kharagpur
6%
India Punjab 147,426 Kharar
6%
Pakistan Punjāb 108,777 Khāriān
6%
Pakistan Punjāb 104,890 Khuriānwāla
6%
Pakistan Punjāb 147,679 Khushāb
6%
India Bihār 185,092 Kishanganj
6%
Bangladesh Dhaka 149,233 Kishoreganj
6%
India West Bengal 262,256 Koch Bihār
6%
India Mahārāshtra 842,602 Kolhāpur
6%
Pakistan Punjāb 148,005 Kot Addu
6%
India Kerala 200,530 Kottayam
6%
India Tamil Nādu 291,549 Kumbakonam
6%
Pakistan Punjāb 100,223 Kunjāh
6%
Bangladesh Khulna 185,843 Kushtia
6%
Bangladesh Chittagong 155,813 Lakshmipur
6%
Pakistan Punjāb 132,834 Lāla Mūsa
6%
India Bihār 208,546 Madhubani
6%
India Bihār 146,635 Madhubani
6%
India Telangana 311,031 Mahbūbnagar
6%
India Gujarāt 345,576 Mahesāna
6%
Pakistan Punjāb 144,813 Mailsi
6%
India Punjab 180,497 Māler Kotla
6%
India Punjab 113,126 Malout
6%
India Telangana 201,227 Mancherial
6%
India Uttar Pradesh 807,757 Mathura
6%
India Jhārkhand 251,047 Medininagar
6%
India West Bengal 196,325 Medinīpur
6%
India Uttar Pradesh 500,403 Mirzāpur
6%
India Bihār 239,524 Motihāri
6%
India Bihār 412,627 Munger
6%
Pakistan Punjāb 280,356 Murīdke
6%
India Punjab 109,182 Nābha
6%
India Gujarāt 351,320 Nadiād
6%
India Rājasthān 173,172 Nāgaur
6%
India Uttar Pradesh 188,104 Najībābād
6%
India Telangana 219,523 Nalgonda
6%
India Andhra Pradesh 293,953 Nandyāl
6%
Bangladesh Rajshahi 187,185 Naogaon
6%
Bangladesh Dhaka 191,494 Narsingdi
6%
India West Bengal 356,623 Navadvip
6%
Sri Lanka 103,598 Negombo
6%
India Tamil Nādu 277,479 Neyveli
6%
Bangladesh Chittagong 169,928 Noakhali
6%
Pakistan Khyber Pakhtūnkhwā 123,859 Nowshera
6%
India Gujarāt 122,859 Okha
6%
India Uttar Pradesh 306,638 Orai
6%
Bangladesh Rajshahi 244,747 Pabna
6%
India Kerala 384,162 Palakkad
6%
India Rājasthān 297,594 Pāli
6%
India Mahārāshtra 421,041 Parbhani
6%
Pakistan Punjāb 133,227 Pasrūr
6%
India Gujarāt 195,429 Pātan
6%
Pakistan Punjāb 178,918 Pattoki
6%
India Punjab 171,219 Phagwāra
6%
Pakistan Punjāb 122,832 Phūlnagar
6%
India Uttar Pradesh 276,488 Pīlībhīt
6%
Pakistan Balochistān 118,680 Pishīn
6%
India West Bengal 320,191 Rāiganj
6%
India Chhattīsgarh 243,526 Raigarh
6%
India Tamil Nādu 240,859 Rājapālayam
6%
India Chhattīsgarh 222,833 Rāj Nāndgaon
6%
India Madhya Pradesh 363,022 Ratlām
6%
India Mahārāshtra 141,350 Ratnāgiri
6%
Pakistan Punjāb 122,969 Renāla Khurd
6%
India Uttarākhand 147,995 Rishīkesh
6%
India Jhārkhand 114,244 Sāhibganj
6%
India Andhra Pradesh 111,492 Sāmalkota
6%
India Odisha 308,565 Sambalpur
6%
India Uttar Pradesh 361,217 Sambhal
6%
Pakistan Punjāb 123,153 Sambriāl
6%
Pakistan Punjāb 210,221 Samundri
6%
India Mahārāshtra 759,798 Sāngli
6%
India Madhya Pradesh 122,898 Seonī
6%
Pakistan Khyber Pakhtūnkhwā 106,235 Shabqadar
6%
Pakistan Punjāb 164,583 Shakargarh
6%
Pakistan Sindh 232,830 Shikārpur
6%
India Karnātaka 418,879 Shimoga
6%
Afghanistan 196,476 Shīndand
6%
Pakistan Punjāb 175,144 Shujābād
6%
Nepal 100,918 Siraha
6%
Pakistan Khyber Pakhtūnkhwā 219,034 Swābi
6%
Pakistan Khyber Pakhtūnkhwā 121,857 Takht Bhāi
6%
Pakistan Sindh 121,726 Tando Muhammad Khān
6%
Pakistan Punjāb 122,627 Taunsa
6%
India Andhra Pradesh 206,211 Tenāli
6%
Pakistan Sindh 101,401 Thul
6%
India Rājasthān 227,269 Tonk
6%
Pakistan Punjāb 108,984 Uch
6%
India Tamil Nādu 231,212 Udhagamandalam
6%
India Jammu & Kashmīr 151,865 Udhampur
6%
India Karnātaka 302,983 Udupi
6%
India Gujarāt 495,715 Vāpi
6%
India Mahārāshtra 1,585,976 Vāsai-Virār
6%
India Madhya Pradesh 235,136 Vidisha
6%
Pakistan Punjāb 611,627 Wāh Cantonment - Taxila
6%
India Mahārāshtra 186,688 Wardha
6%
India Mahārāshtra 229,045 Yavatmāl
6%
India Rājasthān 104,748 Ābu Road
0%
India Mahārāshtra 152,020 Achalpur
0%
India Andhra Pradesh 228,616 Ādoni
0%
Pakistan Punjāb 228,933 Ahmadpur East
0%
India Uttar Pradesh 232,020 Akbarpur
0%
India Mahārāshtra 123,873 Akot
0%
India West Bengal 169,445 Ālīpur Duār
0%
India Mahārāshtra 132,389 Amalner
0%
India Mahārāshtra 125,758 Ambājogāi
0%
India Tamil Nādu 196,441 Āmbūr
0%
India Uttar Pradesh 306,998 Amroha
0%
India Andhra Pradesh 120,066 Anakāpalle
0%
India Odisha 102,263 Angul
0%
India Gujarāt 122,593 Anjār
0%
India Gujarāt 238,889 Anklesvar
0%
India Bihār 444,966 Ara
0%
India Tamil Nādu 117,929 Ārani
0%
India Bihār 161,364 Arāria
0%
Pakistan Punjāb 190,015 Arifwāla
0%
India Tamil Nādu 119,767 Aruppukkottai
0%
India Madhya Pradesh 180,307 Ashoknagar
0%
India Uttar Pradesh 586,176 Auraiya
0%
India Mahārāshtra 344,956 Badlapur
0%
India Bihār 147,027 Bagaha
0%
India Karnātaka 182,724 Bāgalkot
0%
India Haryāna 245,082 Bahādurgarh
0%
India Uttar Pradesh 114,170 Baheri
0%
India Madhya Pradesh 136,901 Bālāghāt
0%
India Odisha 161,845 Balāngīr
0%
India Odisha 214,618 Bāleshwar
0%
India Uttar Pradesh 163,354 Balrāmpur
0%
India West Bengal 268,229 Bālurghāt
0%
India Uttar Pradesh 241,307 Bānda
0%
India Rājasthān 118,178 Bāndīkūi
0%
India West Bengal 170,114 Bangaon
0%
India West Bengal 231,227 Bānkura
0%
India Rājasthān 165,221 Bānswāra
0%
India Mahārāshtra 104,887 Bārāmati
0%
India Jammu & Kashmīr 146,644 Bāramūla
0%
India Rājasthān 181,206 Bārān
0%
India Bihār 141,882 Barauni
0%
India Uttar Pradesh 176,080 Baraut
0%
India Odisha 112,187 Bargarh
0%
Pakistan Khyber Pakhtūnkhwā 123,051 Barikot
0%
India Odisha 157,703 Bāripada
0%
India Mahārāshtra 143,336 Bārsi
0%
India West Bengal 259,824 Basīrhāt
0%
India Mahārāshtra 104,189 Basmath
0%
India Madhya Pradesh 122,842 Bāsoda
0%
India Rājasthān 231,494 Beāwar
0%
India Bihār 783,661 Begusarāi
0%
India Uttar Pradesh 207,692 Bela Pratāpgarh
0%
India Bihār 118,425 Bhabua
0%
India Uttar Pradesh 156,934 Bhadohī
0%
India Odisha 285,178 Bhadrak
0%
India Karnātaka 183,393 Bhadrāvati
0%
India Mahārāshtra 142,690 Bhadravati
0%
Bangladesh Dhaka 168,364 Bhairab
0%
India Mahārāshtra 136,938 Bhandāra
0%
India Tamil Nādu 386,227 Bhavāni
0%
India Odisha 118,612 Bhawānipatna
0%
India Andhra Pradesh 219,115 Bhīmavaram
0%
Bangladesh Barishal 136,197 Bhola
0%
India Bihār 520,677 Bihār
0%
India Bihār 134,540 Bihat
0%
India Uttar Pradesh 114,915 Bilāri
0%
India Assam 113,997 Bilāsipāra
0%
India Uttar Pradesh 117,447 Bīsalpur
0%
India Mahārāshtra 144,366 Boisar
0%
India West Bengal 158,316 Bolpur
0%
India Assam 149,582 Bongaigaon
0%
India Gujarāt 123,816 Borsad
0%
India Gujarāt 175,276 Botād
0%
India Uttar Pradesh 252,143 Budaun
0%
India Uttar Pradesh 445,861 Bulandshahr
0%
India Mahārāshtra 123,345 Buldāna
0%
India Rājasthān 144,402 Būndi
0%
Bangladesh Chittagong 101,379 Chakaria
0%
India West Bengal 197,678 Chākdaha
0%
India Mahārāshtra 147,614 Chālisgaon
0%
India Kerala 127,987 Changanācheri
0%
India Karnātaka 107,566 Channapatna
0%
Bangladesh Rajshahi 206,919 Chapai Nawabganj
0%
Bangladesh Chittagong 176,755 Chaumohoni
0%
India Uttar Pradesh 106,158 Chhibrāmau
0%
India Tamil Nādu 162,098 Chidambaram
0%
India Mahārāshtra 100,239 Chikhli
0%
India Karnātaka 155,027 Chikmagalūr
0%
India Andhra Pradesh 139,436 Chilakalūrupet
0%
India Karnātaka 109,273 Chintāmani
0%
India Andhra Pradesh 199,434 Chīrāla
0%
India Jhārkhand 138,876 Chirkunda
0%
Pakistan Punjāb 209,319 Chishtiān
0%
India Karnātaka 221,480 Chitradurga
0%
India Uttar Pradesh 102,018 Chitrakūt Dham
0%
India Rājasthān 167,656 Chittaurgarh
0%
India Andhra Pradesh 224,875 Chittoor
0%
India Rājasthān 106,033 Chomū
0%
India Mahārāshtra 122,918 Chopda
0%
Bangladesh Khulna 151,759 Chuadanga
0%
Pakistan Punjāb 112,495 Chūniān
0%
India Manipur 188,591 Churachandpur
0%
India West Bengal 193,508 Contai
0%
India Madhya Pradesh 106,062 Dabra
0%
India Uttar Pradesh 174,267 Dādri
0%
India Gujarāt 237,854 Dāhod
0%
India Madhya Pradesh 174,670 Datia
0%
India Bihār 122,820 Dāudnagar
0%
India Rājasthān 191,132 Dausa
0%
India Bihār 245,701 Dehrī
0%
India Uttar Pradesh 142,216 Deoband
0%
India Uttar Pradesh 307,081 Deoria
0%
India Uttar Pradesh 153,001 Dhāmpur
0%
India Chhattīsgarh 148,608 Dhamtari
0%
India Tamil Nādu 264,184 Dharmapuri
0%
India Andhra Pradesh 144,331 Dharmavaram
0%
India Karnātaka 137,405 Dhārwār
0%
India Rājasthān 244,935 Dhaulpur
0%
India Odisha 120,737 Dhenkānāl
0%
India Gujarāt 122,568 Dholka
0%
India Assam 167,077 Dhubri
0%
India West Bengal 608,549 Dhuliān
0%
India Gujarāt 186,799 Dīsa
0%
India Karnātaka 158,039 Dod Ballāpur
0%
India Jhārkhand 103,440 Dumka
0%
India Uttar Pradesh 377,149 Fatehpur
0%
India Rājasthān 120,425 Fatehpur
0%
Pakistan Punjāb 107,199 Fāzilpur
0%
India Bihār 126,638 Forbesganj
0%
India Karnātaka 233,181 Gadag-Betigeri
0%
Bangladesh Rangpur 114,714 Gaibandha
0%
India Uttar Pradesh 126,733 Gajraula
0%
India Karnātaka 146,368 Gangāwati
0%
Nepal 220,241 Ghorahi
0%
Bangladesh Dhaka 123,470 Ghorashal
0%
Pakistan Sindh 122,847 Ghotki
0%
India Jhārkhand 306,527 Girīdīh
0%
India West Bengal 129,983 Gobardānga
0%
India Punjab 125,978 Gobindgarh
0%
India Jhārkhand 111,022 Goddā
0%
India Gujarāt 281,031 Godhra
0%
India Haryāna 125,039 Gohāna
0%
Pakistan Punjāb 263,113 Gojra
0%
India Karnātaka 112,378 Gokāk
0%
India Uttar Pradesh 104,425 Gola Gokarannāth
0%
India Gujarāt 149,483 Gondal
0%
India Mahārāshtra 218,757 Gondia
0%
India Bihār 109,156 Gopālganj
0%
India Andhra Pradesh 142,435 Gudivāda
0%
India Tamil Nādu 207,989 Gudiyātham
0%
India Tamil Nādu 144,971 Guduvancheri - Nandivaram - Urapakkam
0%
India Andhra Pradesh 147,639 Guntakal
0%
Bangladesh Sylhet 108,661 Habiganj
0%
India Bihār 305,383 Hājīpur
0%
India West Bengal 222,882 Haldīa
0%
India Gujarāt 144,699 Hālol
0%
India Karnātaka 124,267 Harihar
0%
Pakistan Punjāb 201,745 Hāsilpur
0%
Bangladesh Chittagong 157,124 Hatiya
0%
India Rājasthān 190,636 Hindaun
0%
India Andhra Pradesh 179,053 Hindupur
0%
India Mahārāshtra 143,490 Hingoli
0%
India Madhya Pradesh 152,691 Hoshangābād
0%
India Mahārāshtra 427,801 Ichalkaranji
0%
Bangladesh Rajshahi 132,569 Ishwardi
0%
India Madhya Pradesh 136,980 Itārsi
0%
India Chhattīsgarh 199,960 Jagdalpur
0%
India Telangana 141,176 Jagtiāl
0%
India Bihār 163,622 Jahānābād
0%
India Odisha 116,968 Jajpur
0%
Bangladesh Mymensingh 172,083 Jamalpur
0%
India Bihār 118,517 Jamālpur
0%
India Andhra Pradesh 109,110 Jammalamadugu
0%
India Bihār 119,391 Jamūi
0%
India West Bengal 380,807 Jangipur
0%
India Gujarāt 153,406 Jetpur
0%
India Rājasthān 141,274 Jhālāwār
0%
India Odisha 111,877 Jhārsuguda
0%
Bangladesh Khulna 154,484 Jhenaidah
0%
India Rājasthān 175,251 Jhunjhunū
0%
India Jhārkhand 180,899 Jumri Tilaiyā
0%
Pakistan Punjāb 109,674 Kabīrwāla
0%
India Andhra Pradesh 123,706 Kadiri
0%
Pakistan Punjāb 118,554 Kahror Pacca
0%
India Uttar Pradesh 124,254 Kairāna
0%
Nepal 141,636 Kalaiya
0%
Bangladesh Dhaka 321,829 Kaliakair
0%
Sri Lanka 154,313 Kalmunai
0%
India West Bengal 122,451 Kālna
0%
India Telangana 116,279 Kāmāreddy
0%
India Tamil Nādu 100,323 Kambam
0%
India Mahārāshtra 135,936 Kāmthi
0%
Pakistan Sindh 113,643 Kandhkot
0%
India Mahārāshtra 121,193 Karād
0%
India Puducherry 151,176 Kāraikāl
0%
India Tamil Nādu 304,906 Kāraikudi
0%
India Mahārāshtra 101,250 Kāranja
0%
India Rājasthān 153,799 Karauli
0%
India Assam 180,026 Karīmganj
0%
India Uttar Pradesh 152,205 Kāsganj
0%
India West Bengal 108,173 Kātwa
0%
India Kerala 141,655 Kāyamkulam
0%
India Odisha 106,936 Kendrāpāra
0%
India Gujarāt 101,462 Keshod
0%
India Bihār 129,297 Khagaria
0%
India Gujarāt 135,137 Khambhāt
0%
India Mahārāshtra 154,512 Khāmgaon
0%
India Punjab 173,725 Khanna
0%
India Madhya Pradesh 148,806 Khargone
0%
India Uttar Pradesh 176,603 Khatauli
0%
India Uttar Pradesh 289,512 Khurja
0%
India Rājasthān 260,003 Kishangarh
0%
India Kerala 101,772 Kodungallur
0%
Nepal 116,231 Kohalpur
0%
Pakistan Khyber Pakhtūnkhwā 287,028 Kohāt
0%
India Karnātaka 180,526 Kolār
0%
India Karnātaka 120,340 Koppal
0%
India Uttar Pradesh 108,250 Kosi Kalan
0%
India Uttarākhand 103,444 Kotdwāra
0%
India Punjab 112,878 Kot Kapūra
0%
Pakistan Punjāb 112,518 Kot Rādha Kishan
0%
India Telangana 150,528 Kottagūdem
0%
India Tamil Nādu 151,842 Kovilpatti
0%
India Tamil Nādu 167,720 Krishnagiri
0%
India Bihār 198,454 Lakhisarai
0%
Bangladesh Chittagong 103,150 Laksham
0%
India Andhra Pradesh 275,845 Madanapalle
0%
Bangladesh Dhaka 151,253 Madhabdi
0%
India Bihār 121,849 Madhipura
0%
Bangladesh Khulna 119,013 Magura
0%
India Uttar Pradesh 145,477 Mahoba
0%
India Gujarāt 162,473 Mahuva
0%
India Uttar Pradesh 261,899 Mainpuri
0%
India Rājasthān 186,246 Makrāna
0%
India Mahārāshtra 108,328 Malkāpur
0%
India Telangana 118,727 Mandamarri
0%
India Madhya Pradesh 135,261 Mandidīp
0%
India Madhya Pradesh 118,974 Mandlā
0%
India Madhya Pradesh 186,207 Mandsaur
0%
India Karnātaka 176,750 Mandya
0%
Bangladesh Dhaka 106,626 Manikganj
0%
India Tamil Nādu 116,195 Mannārgudi
0%
India Tamil Nādu 188,961 Maraimalainagar
0%
India Goa 185,201 Margao
0%
India Bihār 115,513 Masaurhi
0%
India Uttar Pradesh 443,802 Mau
0%
India Uttar Pradesh 102,324 Mawāna
0%
India Tamil Nādu 135,726 Mayiladuthurai
0%
Afghanistan 124,513 Mehtarlām
0%
India Tamil Nādu 108,054 Mettupālayam
0%
Pakistan Punjāb 169,243 Miān Channū
0%
India Bihār 103,255 Mirganj
0%
India Telangana 143,346 Miryalguda
0%
India Gujarāt 110,514 Modāsa
0%
India Uttar Pradesh 266,710 Modinagar
0%
India Bihār 125,723 Mokamā
0%
India Madhya Pradesh 347,408 Morena
0%
India Uttar Pradesh 154,724 Mubārakpur
0%
India Uttar Pradesh 221,409 Mughalsarāi
0%
India Uttar Pradesh 150,890 Muhammadābād
0%
India Punjab 188,722 Muktsar
0%
India Uttar Pradesh 135,099 Murādnagar
0%
India Madhya Pradesh 281,855 Murwāra
0%
India Tamil Nādu 203,162 Nāgapattinam
0%
India Andhra Pradesh 108,467 Nagari
0%
India Madhya Pradesh 125,748 Nāgda
0%
India Uttar Pradesh 112,266 Nagīna
0%
India Tamil Nādu 122,573 Nāmakkal
0%
India Mahārāshtra 180,180 Nandurbār
0%
India Andhra Pradesh 169,367 Narasaraopet
0%
India Haryāna 120,303 Nārnaul
0%
India Madhya Pradesh 113,366 Narsimhapur
0%
India Bihār 111,684 Naugachhia
0%
India Gujarāt 193,892 Navsāri
0%
India Bihār 139,473 Nawāda
0%
Bangladesh Mymensingh 132,198 Netrakona
0%
India Madhya Pradesh 148,605 Nīmach
0%
India Telangana 118,990 Nirmal
0%
India Assam 108,666 North Lakhimpur
0%
India Uttar Pradesh 163,771 Obra
0%
India Mahārāshtra 210,650 Osmānābād
0%
India Mahārāshtra 110,496 Pāchora
0%
India Andhra Pradesh 118,452 Pālacole
0%
India Mahārāshtra 115,759 Pālghar
0%
India Telangana 113,218 Pāloncha
0%
India Mahārāshtra 131,479 Pandharpur
0%
India Tamil Nādu 109,859 Paramakudi
0%
India Madhya Pradesh 101,927 Parāsia
0%
India Mahārāshtra 133,433 Parli
0%
India Jhārkhand 202,378 Phusro
0%
India Uttar Pradesh 114,638 Pilkhuwa
0%
India Madhya Pradesh 249,867 Pithampur
0%
India Tamil Nādu 205,882 Pollāchi
0%
India Andhra Pradesh 313,112 Proddatūr
0%
India Andhra Pradesh 130,093 Pulivendla
0%
India West Bengal 226,845 Puruliya
0%
India Mahārāshtra 129,706 Pusad
0%
India Uttar Pradesh 341,352 Rāe Bareli
0%
India Bihār 101,693 Rafiganj
0%
India Punjab 146,928 Rājpura
0%
India Rājasthān 164,042 Rājsamand
0%
India Telangana 256,727 Rāmagundam
0%
India Karnātaka 118,383 Rāmanagara
0%
India Jhārkhand 200,044 Ramgarh Cantonment
0%
India West Bengal 345,614 Rānāghāt
0%
India Gujarāt 102,739 Rānāvāv
0%
Bangladesh Chittagong 113,036 Rangamati
0%
India Karnātaka 133,276 Ranībennur
0%
India Tamil Nādu 523,355 Rānippettai
0%
India Andhra Pradesh 148,948 Rāyachoti
0%
India Odisha 121,517 Rāyagada
0%
India Uttar Pradesh 115,687 Renukūt
0%
India Karnātaka 215,257 Robertson Pet
0%
India Bihār 308,032 Saharsa
0%
Bangladesh Rangpur 157,123 Saidpur
0%
India Mahārāshtra 110,132 Sangamner
0%
India Telangana 137,452 Sangāreddy
0%
Pakistan Punjāb 129,463 Sāngla Hill
0%
India West Bengal 319,111 Sāntipur
0%
India Rājasthān 101,862 Sardārshahar
0%
India Bihār 257,854 Sāsarām
0%
Bangladesh Khulna 146,170 Satkhira
0%
India Rājasthān 196,745 Sawāi Mādhopur
0%
India Madhya Pradesh 155,958 Sehore
0%
India Manipur 116,110 Senapati
0%
India Madhya Pradesh 106,479 Sendhwa
0%
India Uttar Pradesh 101,642 Shāhābād
0%
India Mahārāshtra 130,058 Shāhāda
0%
Pakistan Sindh 135,851 Shāhdādkot
0%
Pakistan Sindh 126,787 Shāhdādpur
0%
India Madhya Pradesh 114,507 Shahdol
0%
India Uttar Pradesh 175,940 Shāmli
0%
India Bihār 123,336 Sheikhpura
0%
India Madhya Pradesh 105,452 Sheopur
0%
Bangladesh Mymensingh 131,570 Sherpur
0%
India Uttar Pradesh 198,534 Shikohābād
0%
India Mahārāshtra 133,132 Shirpur-Warwade
0%
India Madhya Pradesh 246,250 Shivpurī
0%
India Mahārāshtra 110,177 Shrirampur
0%
India Telangana 181,994 Siddipet
0%
India Uttar Pradesh 164,950 Sikandrābād
0%
India Dādra & Nagar Haveli & Damān & Diu 495,437 Silvassa
0%
India Karnātaka 117,309 Sindhnūr
0%
India Madhya Pradesh 280,780 Singrauli
0%
India Mahārāshtra 126,864 Sinnar
0%
Bangladesh Rajshahi 207,852 Sirajganj
0%
India Telangana 118,706 Sirsilla
0%
India Tamil Nādu 375,141 Sivakāsi
0%
India Bihār 244,849 Siwān
0%
Bangladesh Dhaka 299,794 Sreepur
0%
India Andhra Pradesh 214,601 Srīkākulam
0%
India Andhra Pradesh 103,349 Srikalahasti
0%
India Rājasthān 163,370 Sujāngarh
0%
India Bihār 104,055 Sultānganj
0%
India Uttar Pradesh 276,450 Sultānpur
0%
India Bihār 135,479 Supaul
0%
India Gujarāt 316,665 Surendranagar
0%
India West Bengal 125,777 Suri
0%
India Telangana 140,937 Suryāpet
0%
India Andhra Pradesh 135,035 Tādepalligūdem
0%
India Andhra Pradesh 143,030 Tādpatri
0%
India West Bengal 107,220 Tamlūk
0%
India Uttar Pradesh 163,685 Tāndā
0%
Pakistan Sindh 186,954 Tando Ādam
0%
India Telangana 101,172 Tāndūr
0%
India Andhra Pradesh 127,663 Tanuku
0%
India Punjab 112,689 Tarn Tāran Sahib
0%
India Tamil Nādu 129,246 Tenkāsi
0%
India Assam 217,370 Tezpur
0%
Bangladesh Rangpur 106,686 Thakurgaon
0%
India Haryāna 288,477 Thānesar
0%
India Tamil Nādu 159,846 Theni-Allinagaram
0%
India Madhya Pradesh 120,998 Tīkamgarh
0%
India Tamil Nādu 113,439 Tindivanam
0%
India Tamil Nādu 121,403 Tiruchendūr
0%
India Tamil Nādu 121,468 Tiruchengode
0%
India Tamil Nādu 174,035 Tiruvallūr
0%
Nepal 197,051 Tulsipur
0%
India Uttar Pradesh 162,847 Tūndla
0%
India Megalaya 104,866 Tura
0%
India Mahārāshtra 158,327 Udgīr
0%
India Tamil Nādu 105,603 Udumalaipettai
0%
India Uttar Pradesh 343,131 Unnāo
0%
India Mahārāshtra 108,978 Uran Islāmpur
0%
India Kerala 116,775 Vadakara
0%
India Gujarāt 263,938 Valsād
0%
India Tamil Nādu 173,535 Vāniyambādi
0%
India Gujarāt 240,525 Verāval
0%
India Rājasthān 102,288 Vijainagar - Gulābpura
0%
India Tamil Nādu 197,300 Viluppuram
0%
India Tamil Nādu 105,798 Virudhachalam
0%
India Tamil Nādu 108,474 Virudhunagar
0%
India Gujarāt 111,680 Visnagar
0%
India Andhra Pradesh 335,127 Vizianagaram
0%
India Mahārāshtra 134,942 Wāshīm
0%
India Puducherry 110,136 Yanam
0%
India Andhra Pradesh 134,596 Yemmiganūr
0%
India Telangana 144,709 Zahirābād
0%
No matching quizzes found
Score Distribution
Percent of People with Each Score
Percentile by Number Answered
Your Score History
You have not taken this quiz since the last reset